00548nam a2200169 a 450000100100000000500170001000800410002704000250006808200160009310000370010924500220014625000100016826000360017830000320021495201150024699900170036100003719020200930080209.0120229s1970 xxua 000 0 spa d aDO-SdBNPbspacBNPHU axxxxbB588s1 aBierstedt, Robert,d1913-96360110aThe social order. a3a ed aNew York :bMcGraw-Hill,c1970. axi, 563 p. :bil. ;c24 cm. 0010507-18MOaGRbGRcOId2012-02-29iLF1l0oxxxx B588sp37190-10r2020-06-25w2020-06-25y1ZNo se presta c36680d36680